• Canavarro M.C., Moura-Ramos M., Boivin J., Soares I

di Personal Name

Records bibliografici associati: 1

001 - CONTROL NUMBER

  • control field: 59596

003 - CONTROL NUMBER IDENTIFIER

  • control field:

005 - DATE AND TIME OF LATEST TRANSACTION

  • control field: 20230306143237.0

008 - FIXED-LENGTH DATA ELEMENTS

  • fixed length control field: 230306|| aca||aabn | a|a d

040 ## - CATALOGING SOURCE

  • Original cataloging agency:
  • Transcribing agency:

100 ## - HEADING--PERSONAL NAME

  • Personal name: Canavarro M.C., Moura-Ramos M., Boivin J., Soares I

670 ## - SOURCE DATA FOUND

  • Source citation: Work cat.: ()251163: Gameiro Sofia (et al.) 59595, Social Nesting: Changes in Social Network and Support Across the Transition to Parenthood in Couples That Conveived Spontaneously or Through Assisted Reproductive Technologies, 2010
CREDITS: SOCIETA' SAN PAOLO Via A.Severo, 58 - ROMA (RM) & PERIODICI SAN PAOLO SRL Via Giotto, 36 MILANO & CISF Via Giotto, 36 MILANO & EDIZIONI SAN PAOLO SRL,  Piazza Soncino, 5 CINISELLO BALSAMO (MI) -- ITALY